| 000 | 00482nam a22001817a 4500 | ||
|---|---|---|---|
| 003 | MPLRDC | ||
| 005 | 20220104160231.0 | ||
| 008 | 210129b ||||| |||| 00| 0 eng d | ||
| 082 | _a974.8 CYH v.65 1997 | ||
| 100 | _a茶与壶杂志编 | ||
| 245 |
_a茶与壶杂志; 65 _c |
||
| 250 | _a初版 | ||
| 260 |
_a _b钧奇菱企业有限公司 _c1997 |
||
| 300 | _b平 | ||
| 490 | _a全国唯一茶艺专业杂志 | ||
| 650 | _a茶艺专业杂志 | ||
| 942 |
_cBK _o974.8 CYH v.65 1997 |
||
| 999 |
_c54876 _d54866 |
||